00813nam a22002297a 45000050016000000100015000160200012000310350013000430370013000560820011000692450058000802600047001382700085001853000035002706500016003056500023003216500029003447000025003739420025003989990017004239520143004402010081802352.0 aENG-100784 c5310.00 aEN-84317 bDBAD/PUB a920.05 aAsain admirable achievers /ccompiled by Ravi Bhushan aNew DelhibRifacimento Internationalc2009 a2nd Floor, 4384/4A, Tulsi Dass Street, Ansari Road, DaryaganjbNew Delhie110002 av.3 (407p.)c22cm (Hb)ephotos zAsia914558 aCelebrities914559 aSuccessful People914560 aBhushan, Ravi914561 2ddccENh920.05mASI c42357d42357 00103v.340718NFICaDBADbDBADd2010-08-18eDBAD/PUBg5310.00l0o920.05 ASIpEN-84317r2010-08-18 00:00:00t1v5310.00w2010-08-18yEN